| 000 -LEADER |
| fixed length control field |
01165cam a2200217Ia 4500 |
| 020 ## - INTERNATIONAL STANDARD BOOK NUMBER |
| ISBN |
9251064067 |
| 020 ## - INTERNATIONAL STANDARD BOOK NUMBER |
| ISBN |
9789251064061 |
| 040 ## - CATALOGING SOURCE |
| Transcribing agency |
YDXCP |
| 082 ## - DEWEY DECIMAL CLASSIFICATION NUMBER |
| Classification number |
341 FOO 2009 A079 Or. |
| 100 1# - MAIN ENTRY--AUTHOR NAME |
| Personal name |
Hodgson, Stephen. |
| 245 10 - TITLE STATEMENT |
| Title |
Creating legal space for water user organizations : |
| Remainder of title |
transparency, governance and the law / |
| 260 ## - PUBLICATION, DISTRIBUTION, ETC. (IMPRINT) |
| Place of publication |
Rome : |
| Name of publisher |
Food And Agriculture Organization of the United Nations, |
| Year of publication |
2009. |
| 300 ## - PHYSICAL DESCRIPTION |
| Number of Pages |
vi, 108 p. : |
| Other physical details |
ill. ; |
| Dimensions |
24 cm. |
| 490 1# - SERIES STATEMENT |
| Series statement |
FAO legislative study, |
| 520 ## - SUMMARY, ETC. |
| Summary, etc |
This publication describes the experience of a number of transition countries in Central and Eastern Europe and the former Soviet Union with crafting regulatory frameworks for irrigation water users' organizations. It also seeks to distil a number of key regulatory requirements. As a result, this study serves as a design/drafting manual for policymakers and for drafters of legislation on water users' organizations.--Publisher's description. |
| 650 #0 - SUBJECT ADDED ENTRY--TOPICAL TERM |
| Topical Term |
Irrigation laws. |
| 650 #0 - SUBJECT ADDED ENTRY--TOPICAL TERM |
| Topical Term |
Water-supply |
| 710 2# - ADDED ENTRY--CORPORATE NAME |
| Corporate name or jurisdiction name as entry element |
Food and Agriculture Organization of the United Nations. |
| 856 41 - ELECTRONIC LOCATION AND ACCESS |
| Uniform Resource Identifier |
http://www.fao.org/docrep/012/i1120e/i1120e.pdf |
| 942 ## - ADDED ENTRY ELEMENTS (KOHA) |
| Koha item type |
សៀវភៅភាសាអង់គ្លេស |
| 952 ## - LOCATION AND ITEM INFORMATION (KOHA) |
| Withdrawn status [LOCAL, KOHA] |
0 |